000 00512pam a2200205 a 4500
001 1964176
005 20180118051946.0
008 880316s1988 nyua b 001 0 eng
010 _a 88009549
020 _a0631144021
040 _aDLC
_cDLC
_dDLC
041 _aeng
080 _a339.5 QUA
082 0 0 _a339.5 QUA
_219
100 1 _a52
101 _aEKO
245 1 4 _aThe econometrics of disequilibrium /
_cRichard E. Quandt.
906 _a7
_bcbc
_corignew
_d1
_eocip
_f19
_gy-gencatlg
942 _2ddc
_cBK
999 _c40463
_d40463